[Event "DEM U18 2022"]
[Site "Willingen GER"]
[Date "2022.06.06"]
[Round "3"]
[White "Wehrle, Maximilian"]
[Black "Leonard, Timo"]
[Result "0-1"]
[Termination "normal"]
[Board "11"]
[WhiteElo "1786"]
[BlackElo "2018"]
[WhiteClock "00:27:25"]
[BlackClock "00:25:35"]
[PlyCount "86"]
[WhiteFideId "65600347"]
[BlackFideId "16208757"]
[EventCountry "GER"]
[EventRounds "9"]
[EventType "swiss"]
[EventDate "2022.06.04"]

1. d4 {[%clk 1:29:45]} d5 {[%clk 1:30:55]} 2. c4 {[%clk 1:29:07]} c6 {[%clk
1:31:21]} 3. Nf3 {[%clk 1:28:22]} Nf6 {[%clk 1:31:47]} 4. Nc3 {[%clk 1:26:58]}
e6 {[%clk 1:32:13]} 5. g3 {[%clk 1:25:59]} dxc4 {[%clk 1:32:32]} 6. a4 {[%clk
1:25:19]} Bb4 {[%clk 1:31:41]} 7. Bg2 {[%clk 1:24:30]} Nbd7 {[%clk 1:31:04]} 8.
O-O {[%clk 1:18:15]} O-O {[%clk 1:29:21]} 9. Qc2 {[%clk 1:10:00]} a5 {[%clk
1:18:45]} 10. Bg5 {[%clk 1:01:12]} h6 {[%clk 1:15:41]} 11. Bc1 {[%clk 0:52:16]}
Qe7 {[%clk 1:11:40]} 12. Rd1 {[%clk 0:50:21]} Re8 {[%clk 1:04:59]} 13. e4
{[%clk 0:47:36]} e5 {[%clk 1:01:26]} 14. dxe5 {[%clk 0:39:07]} Ng4 {[%clk
0:57:18]} 15. e6 {[%clk 0:34:20]} Qxe6 {[%clk 0:53:25]} 16. Nd4 {[%clk
0:32:38]} Qf6 {[%clk 0:50:39]} 17. f4 {[%clk 0:29:00]} Bc5 {[%clk 0:29:43]} 18.
Nce2 {[%clk 0:26:47]} Qd8 {[%clk 0:17:43]} 19. h3 {[%clk 0:23:17]} Ngf6 {[%clk
0:18:03]} 20. Kh2 {[%clk 0:23:25]} Qb6 {[%clk 0:16:18]} 21. e5 {[%clk 0:16:52]}
Nd5 {[%clk 0:16:00]} 22. Nf5 {[%clk 0:05:35]} Nf8 {[%clk 0:08:23]} 23. Bxd5
{[%clk 0:02:33]} cxd5 {[%clk 0:08:50]} 24. Rxd5 {[%clk 0:02:01]} Be6 {[%clk
0:07:39]} 25. Rd1 {[%clk 0:01:59]} Red8 {[%clk 0:07:17]} 26. Nh4 {[%clk
0:01:03]} Rxd1 {[%clk 0:07:24]} 27. Qxd1 {[%clk 0:01:27]} Rd8 {[%clk 0:07:47]}
28. Qc2 {[%clk 0:01:37]} Be7 {[%clk 0:07:03]} 29. Ng2 {[%clk 0:01:44]} Rd3
{[%clk 0:05:07]} 30. f5 {[%clk 0:01:23]} Bxf5 {[%clk 0:03:43]} 31. Nef4 {[%clk
0:01:42]} Bb4 {[%clk 0:03:22]} 32. Qxc4 {[%clk 0:00:54]} Rf3 {[%clk 0:02:52]}
33. g4 {[%clk 0:00:34]} Be6 {[%clk 0:02:01]} 34. Qe4 {[%clk 0:00:48]} Qf2
{[%clk 0:01:38]} 35. Be3 {[%clk 0:01:04]} Qg3+ {[%clk 0:01:56]} 36. Kh1 {[%clk
0:01:24]} h5 {[%clk 0:01:13]} 37. Nxe6 {[%clk 0:00:53]} Qxh3+ {[%clk 0:01:32]}
38. Kg1 {[%clk 0:01:21]} Nxe6 {[%clk 0:01:41]} 39. Rc1 {[%clk 0:01:30]} hxg4
{[%clk 0:01:17]} 40. Rc8+ {[%clk 0:01:44]} Bf8 {[%clk 0:01:44]} 41. Rc2 {[%clk
0:01:05]} Qh5 {[%clk 0:26:24]} 42. Nf4 {[%clk 0:26:59]} Nxf4 {[%clk 0:26:10]}
43. Bxf4 {[%clk 0:27:25]} Qh3 {[%clk 0:25:35]} 0-1

[Event "DEM U18 2022"]
[Site "Willingen GER"]
[Date "2022.06.06"]
[Round "3"]
[White "Müller, Magnus"]
[Black "Kallweit, Paul"]
[Result "1/2-1/2"]
[Termination "normal"]
[Board "12"]
[WhiteElo "2034"]
[BlackElo "1863"]
[WhiteClock "00:22:19"]
[BlackClock "00:03:11"]
[PlyCount "112"]
[WhiteFideId "16230060"]
[BlackFideId "16228081"]
[EventCountry "GER"]
[EventRounds "9"]
[EventType "swiss"]
[EventDate "2022.06.04"]

1. e4 {[%clk 1:30:26]} c6 {[%clk 1:30:42]} 2. d4 {[%clk 1:30:26]} d5 {[%clk
1:31:05]} 3. e5 {[%clk 1:30:28]} Bf5 {[%clk 1:30:59]} 4. h4 {[%clk 1:30:52]} h6
{[%clk 1:26:20]} 5. g4 {[%clk 1:27:44]} Be4 {[%clk 1:24:07]} 6. f3 {[%clk
1:28:07]} Bh7 {[%clk 1:24:16]} 7. e6 {[%clk 1:17:37]} Qd6 {[%clk 1:14:00]} 8.
exf7+ {[%clk 1:17:57]} Kxf7 {[%clk 1:14:23]} 9. Bd3 {[%clk 1:06:47]} Bxd3
{[%clk 1:12:23]} 10. Qxd3 {[%clk 1:03:29]} Nd7 {[%clk 1:11:02]} 11. Ne2 {[%clk
1:00:26]} e5 {[%clk 1:05:43]} 12. Nbc3 {[%clk 0:54:47]} Re8 {[%clk 1:01:51]}
13. Be3 {[%clk 0:43:01]} exd4 {[%clk 0:50:23]} 14. Bxd4 {[%clk 0:43:13]} Ne5
{[%clk 0:50:10]} 15. Bxe5 {[%clk 0:42:11]} Qxe5 {[%clk 0:45:52]} 16. h5 {[%clk
0:35:46]} Bc5 {[%clk 0:38:10]} 17. O-O-O {[%clk 0:21:21]} Qe3+ {[%clk 0:33:30]}
18. Kb1 {[%clk 0:20:49]} Qxd3 {[%clk 0:30:49]} 19. cxd3 {[%clk 0:21:15]} Nf6
{[%clk 0:23:34]} 20. Ng3 {[%clk 0:17:55]} Re3 {[%clk 0:11:30]} 21. Rhf1 {[%clk
0:17:48]} Rhe8 {[%clk 0:10:03]} 22. Kc2 {[%clk 0:16:36]} Bf8 {[%clk 0:07:31]}
23. Nf5 {[%clk 0:16:52]} R3e6 {[%clk 0:06:46]} 24. Nd4 {[%clk 0:17:11]} Re3
{[%clk 0:05:09]} 25. Nf5 {[%clk 0:17:37]} R3e6 {[%clk 0:05:29]} 26. d4 {[%clk
0:18:04]} b6 {[%clk 0:03:40]} 27. a3 {[%clk 0:16:07]} Rd8 {[%clk 0:03:11]} 28.
Rf2 {[%clk 0:16:18]} c5 {[%clk 0:01:56]} 29. Ne2 {[%clk 0:16:19]} Rde8 {[%clk
0:01:42]} 30. Nf4 {[%clk 0:16:23]} Re1 {[%clk 0:02:02]} 31. Nd3 {[%clk
0:09:59]} Rxd1 {[%clk 0:01:55]} 32. Kxd1 {[%clk 0:10:25]} Nd7 {[%clk 0:01:49]}
33. Rc2 {[%clk 0:10:01]} a5 {[%clk 0:00:51]} 34. Nf4 {[%clk 0:09:32]} Nf6
{[%clk 0:01:06]} 35. Ng6 {[%clk 0:09:53]} c4 {[%clk 0:00:46]} 36. Ne5+ {[%clk
0:09:28]} Kg8 {[%clk 0:00:45]} 37. Re2 {[%clk 0:08:51]} Re6 {[%clk 0:00:36]}
38. Ne3 {[%clk 0:07:34]} b5 {[%clk 0:00:36]} 39. f4 {[%clk 0:07:51]} b4 {[%clk
0:00:36]} 40. axb4 {[%clk 0:07:46]} axb4 {[%clk 0:00:41]} 41. Rh2 {[%clk
0:01:35]} Ra6 {[%clk 0:20:34]} 42. g5 {[%clk 0:30:18]} hxg5 {[%clk 0:19:10]}
43. fxg5 {[%clk 0:30:44]} Ne4 {[%clk 0:17:45]} 44. h6 {[%clk 0:25:34]} gxh6
{[%clk 0:13:05]} 45. gxh6 {[%clk 0:25:44]} Rxh6 {[%clk 0:12:09]} 46. Rxh6
{[%clk 0:25:16]} Bxh6 {[%clk 0:12:37]} 47. Nxd5 {[%clk 0:25:35]} Bg7 {[%clk
0:08:08]} 48. Nxb4 {[%clk 0:25:17]} Bxe5 {[%clk 0:07:53]} 49. dxe5 {[%clk
0:25:43]} Kf7 {[%clk 0:07:36]} 50. Ke2 {[%clk 0:23:54]} c3 {[%clk 0:07:02]} 51.
bxc3 {[%clk 0:23:25]} Nxc3+ {[%clk 0:07:20]} 52. Kd3 {[%clk 0:23:53]} Na4
{[%clk 0:05:55]} 53. Ke4 {[%clk 0:23:54]} Ke6 {[%clk 0:04:08]} 54. Nd3 {[%clk
0:23:55]} Nc3+ {[%clk 0:02:49]} 55. Kf3 {[%clk 0:23:21]} Nd5 {[%clk 0:02:48]}
56. Nf4+ {[%clk 0:22:19]} Kxe5 {[%clk 0:03:11]} 1/2-1/2

[Event "DEM U18 2022"]
[Site "Willingen GER"]
[Date "2022.06.06"]
[Round "3"]
[White "Orf, Niklas"]
[Black "Mankel, Luca"]
[Result "1/2-1/2"]
[Termination "normal"]
[Board "13"]
[WhiteElo "1797"]
[BlackElo "2010"]
[WhiteClock "00:03:08"]
[BlackClock "00:48:24"]
[PlyCount "75"]
[WhiteFideId "16245571"]
[BlackFideId "16253876"]
[EventCountry "GER"]
[EventRounds "9"]
[EventType "swiss"]
[EventDate "2022.06.04"]

1. d4 {[%clk 1:30:51]} c5 {[%clk 1:30:53]} 2. d5 {[%clk 1:30:50]} Nf6 {[%clk
1:31:10]} 3. Nf3 {[%clk 1:28:35]} e6 {[%clk 1:31:02]} 4. c4 {[%clk 1:28:49]} b5
{[%clk 1:31:25]} 5. e3 {[%clk 1:12:45]} exd5 {[%clk 1:28:32]} 6. cxd5 {[%clk
1:12:41]} a6 {[%clk 1:28:48]} 7. a4 {[%clk 1:12:12]} b4 {[%clk 1:29:09]} 8. Bc4
{[%clk 1:10:54]} d6 {[%clk 1:28:54]} 9. O-O {[%clk 1:09:53]} g6 {[%clk
1:29:15]} 10. b3 {[%clk 1:08:24]} Bg7 {[%clk 1:29:33]} 11. Bb2 {[%clk 1:08:02]}
O-O {[%clk 1:29:56]} 12. Nbd2 {[%clk 1:00:53]} Re8 {[%clk 1:27:59]} 13. Re1
{[%clk 0:58:27]} Bf5 {[%clk 1:25:15]} 14. Ra2 {[%clk 0:43:21]} Ne4 {[%clk
1:14:25]} 15. Bxg7 {[%clk 0:40:37]} Kxg7 {[%clk 1:14:45]} 16. Nxe4 {[%clk
0:41:04]} Bxe4 {[%clk 1:15:02]} 17. Nd2 {[%clk 0:39:47]} Qf6 {[%clk 1:11:32]}
18. Nxe4 {[%clk 0:35:17]} Rxe4 {[%clk 1:11:55]} 19. Qd3 {[%clk 0:35:37]} Re7
{[%clk 1:09:16]} 20. f4 {[%clk 0:27:49]} Qf5 {[%clk 1:05:45]} 21. Qxf5 {[%clk
0:19:27]} gxf5 {[%clk 1:06:10]} 22. Bd3 {[%clk 0:19:32]} Kf6 {[%clk 1:06:21]}
23. a5 {[%clk 0:19:36]} Nd7 {[%clk 1:05:05]} 24. Rae2 {[%clk 0:19:45]} Nf8
{[%clk 1:02:08]} 25. Kf2 {[%clk 0:19:30]} Ng6 {[%clk 1:01:18]} 26. h3 {[%clk
0:18:59]} h5 {[%clk 1:01:13]} 27. g3 {[%clk 0:19:21]} Ree8 {[%clk 0:57:17]} 28.
g4 {[%clk 0:14:29]} hxg4 {[%clk 0:56:26]} 29. hxg4 {[%clk 0:14:55]} fxg4 {[%clk
0:56:34]} 30. Kg3 {[%clk 0:14:05]} Rh8 {[%clk 0:52:46]} 31. Kxg4 {[%clk
0:11:19]} Rag8 {[%clk 0:51:20]} 32. Bxg6 {[%clk 0:09:00]} Kxg6 {[%clk 0:50:23]}
33. Kf3 {[%clk 0:08:40]} f5 {[%clk 0:49:42]} 34. Rg2+ {[%clk 0:08:36]} Kf7
{[%clk 0:50:01]} 35. Rxg8 {[%clk 0:08:24]} Kxg8 {[%clk 0:50:27]} 36. Kg2 {[%clk
0:04:36]} Kf7 {[%clk 0:50:16]} 37. Kg3 {[%clk 0:03:59]} Kf6 {[%clk 0:48:24]}
38. Kg2 {[%clk 0:03:08]} 1/2-1/2

[Event "DEM U18 2022"]
[Site "Willingen GER"]
[Date "2022.06.07"]
[Round "4"]
[White "von Mettenheim, Johannes"]
[Black "Fromm, Marius"]
[Result "0-1"]
[Termination "normal"]
[Board "1"]
[BlackTitle "FM"]
[WhiteElo "2219"]
[BlackElo "2336"]
[WhiteClock "00:55:57"]
[BlackClock "00:54:16"]
[PlyCount "48"]
[WhiteFideId "16244818"]
[BlackFideId "12993190"]
[EventCountry "GER"]
[EventRounds "9"]
[EventType "swiss"]
[EventDate "2022.06.04"]

1. d4 {[%clk 1:30:57]} d5 {[%clk 1:30:56]} 2. c4 {[%clk 1:31:22]} e6 {[%clk
1:31:23]} 3. Nf3 {[%clk 1:31:32]} a6 {[%clk 1:31:47]} 4. g3 {[%clk 1:31:00]}
dxc4 {[%clk 1:32:06]} 5. Bg2 {[%clk 1:31:19]} b5 {[%clk 1:32:15]} 6. Ne5 {[%clk
1:28:22]} c6 {[%clk 1:32:32]} 7. O-O {[%clk 1:28:20]} Bb7 {[%clk 1:32:51]} 8.
b3 {[%clk 1:28:23]} cxb3 {[%clk 1:33:09]} 9. a4 {[%clk 1:28:37]} Nf6 {[%clk
1:31:29]} 10. Bb2 {[%clk 1:28:41]} Be7 {[%clk 1:28:46]} 11. Nd2 {[%clk
1:28:44]} Qb6 {[%clk 1:13:39]} 12. Nxb3 {[%clk 1:25:45]} Nbd7 {[%clk 1:09:55]}
13. a5 {[%clk 1:24:16]} Qc7 {[%clk 1:00:28]} 14. Qc2 {[%clk 1:19:30]} Nxe5
{[%clk 0:59:53]} 15. dxe5 {[%clk 1:19:54]} Nd7 {[%clk 1:00:01]} 16. Bd4 {[%clk
1:20:12]} c5 {[%clk 0:58:36]} 17. Bxb7 {[%clk 1:20:32]} Qxb7 {[%clk 0:59:03]}
18. Nxc5 {[%clk 1:20:51]} Nxc5 {[%clk 0:56:26]} 19. f4 {[%clk 1:01:51]} O-O
{[%clk 0:56:08]} 20. g4 {[%clk 1:01:23]} Rac8 {[%clk 0:56:12]} 21. f5 {[%clk
1:01:00]} Qe4 {[%clk 0:56:09]} 22. Qxe4 {[%clk 1:01:24]} Nxe4 {[%clk 0:56:35]}
23. Bb6 {[%clk 0:56:10]} Nc3 {[%clk 0:54:26]} 24. Kg2 {[%clk 0:55:57]} Rc4
{[%clk 0:54:16]} 0-1

[Event "DEM U18 2022"]
[Site "Willingen GER"]
[Date "2022.06.07"]
[Round "4"]
[White "Hinrichs, Paul"]
[Black "Kölle, Tobias"]
[Result "0-1"]
[Termination "normal"]
[Board "3"]
[BlackTitle "FM"]
[WhiteElo "2225"]
[BlackElo "2443"]
[WhiteClock "00:09:52"]
[BlackClock "00:20:13"]
[PlyCount "86"]
[WhiteFideId "12942545"]
[BlackFideId "16207378"]
[EventCountry "GER"]
[EventRounds "9"]
[EventType "swiss"]
[EventDate "2022.06.04"]

1. d4 {[%clk 1:30:57]} Nf6 {[%clk 1:30:54]} 2. c4 {[%clk 1:31:23]} e6 {[%clk
1:31:20]} 3. Nc3 {[%clk 1:31:42]} Bb4 {[%clk 1:31:42]} 4. Qc2 {[%clk 1:32:05]}
d5 {[%clk 1:29:07]} 5. a3 {[%clk 1:30:15]} Bxc3+ {[%clk 1:27:30]} 6. Qxc3
{[%clk 1:29:07]} O-O {[%clk 1:27:44]} 7. Bg5 {[%clk 1:23:30]} h6 {[%clk
1:24:02]} 8. Bxf6 {[%clk 1:19:30]} Qxf6 {[%clk 1:24:25]} 9. e3 {[%clk 1:19:45]}
dxc4 {[%clk 1:18:47]} 10. Bxc4 {[%clk 1:19:30]} b6 {[%clk 1:16:59]} 11. Ne2
{[%clk 1:18:41]} Bb7 {[%clk 1:15:57]} 12. O-O {[%clk 1:17:47]} Nd7 {[%clk
1:15:55]} 13. Bb5 {[%clk 1:14:45]} c6 {[%clk 1:08:12]} 14. Bxc6 {[%clk
1:08:59]} Rac8 {[%clk 1:08:00]} 15. Bxb7 {[%clk 1:09:21]} Rxc3 {[%clk 1:08:22]}
16. Nxc3 {[%clk 1:09:31]} Qe7 {[%clk 1:04:30]} 17. Rad1 {[%clk 1:05:41]} Nf6
{[%clk 0:59:45]} 18. Bf3 {[%clk 1:05:40]} g5 {[%clk 0:56:11]} 19. e4 {[%clk
1:03:55]} b5 {[%clk 0:46:24]} 20. e5 {[%clk 1:03:19]} Nd7 {[%clk 0:46:09]} 21.
Nxb5 {[%clk 1:01:26]} Rb8 {[%clk 0:45:50]} 22. Nd6 {[%clk 0:55:56]} Rxb2 {[%clk
0:44:21]} 23. Rc1 {[%clk 0:55:01]} Nb6 {[%clk 0:43:05]} 24. Rc3 {[%clk
0:54:18]} Qd7 {[%clk 0:25:11]} 25. Rfc1 {[%clk 0:53:19]} Qa4 {[%clk 0:23:31]}
26. Be4 {[%clk 0:22:27]} Rd2 {[%clk 0:23:05]} 27. Rc8+ {[%clk 0:13:23]} Nxc8
{[%clk 0:23:01]} 28. Rxc8+ {[%clk 0:13:51]} Kg7 {[%clk 0:23:21]} 29. g3 {[%clk
0:14:04]} Rxd4 {[%clk 0:18:26]} 30. Bc2 {[%clk 0:14:06]} Qd7 {[%clk 0:18:09]}
31. Rb8 {[%clk 0:10:14]} Rxd6 {[%clk 0:17:56]} 32. exd6 {[%clk 0:10:39]} Qxd6
{[%clk 0:18:20]} 33. Rb4 {[%clk 0:10:01]} Qd2 {[%clk 0:18:27]} 34. Ba4 {[%clk
0:09:15]} Qc1+ {[%clk 0:18:48]} 35. Kg2 {[%clk 0:09:42]} Qxa3 {[%clk 0:19:12]}
36. Re4 {[%clk 0:09:39]} Qc5 {[%clk 0:19:07]} 37. Bb3 {[%clk 0:09:03]} Qc6
{[%clk 0:19:18]} 38. f3 {[%clk 0:09:30]} Qc3 {[%clk 0:19:30]} 39. Ba4 {[%clk
0:09:42]} Qd2+ {[%clk 0:19:51]} 40. Kh3 {[%clk 0:09:41]} f5 {[%clk 0:19:36]}
41. Rc4 {[%clk 0:09:42]} Qe2 {[%clk 0:19:50]} 42. Rc7+ {[%clk 0:09:40]} Kf6
{[%clk 0:20:13]} 43. Bc6 {[%clk 0:09:52]} Qf1# 0-1

[Event "DEM U18 2022"]
[Site "Willingen GER"]
[Date "2022.06.07"]
[Round "4"]
[White "Dahl, Christoph"]
[Black "Dobrikov, Marco"]
[Result "1-0"]
[Termination "normal"]
[Board "4"]
[WhiteTitle "FM"]
[BlackTitle "FM"]
[WhiteElo "2351"]
[BlackElo "2234"]
[WhiteClock "00:12:34"]
[BlackClock "00:33:33"]
[PlyCount "133"]
[WhiteFideId "16240235"]
[BlackFideId "12950378"]
[EventCountry "GER"]
[EventRounds "9"]
[EventType "swiss"]
[EventDate "2022.06.04"]

1. e4 {[%clk 1:30:58]} c5 {[%clk 1:30:58]} 2. Nf3 {[%clk 1:31:16]} d6 {[%clk
1:31:27]} 3. d4 {[%clk 1:31:28]} cxd4 {[%clk 1:31:53]} 4. Nxd4 {[%clk 1:31:41]}
Nf6 {[%clk 1:32:20]} 5. Nc3 {[%clk 1:31:40]} a6 {[%clk 1:32:47]} 6. Bg5 {[%clk
1:31:49]} e6 {[%clk 1:33:03]} 7. f4 {[%clk 1:31:35]} Qb6 {[%clk 1:33:30]} 8.
Nb3 {[%clk 1:31:11]} Nbd7 {[%clk 1:33:08]} 9. Qf3 {[%clk 1:30:07]} Qc7 {[%clk
1:32:52]} 10. O-O-O {[%clk 1:29:25]} b5 {[%clk 1:31:11]} 11. a3 {[%clk
1:19:04]} Rb8 {[%clk 1:28:57]} 12. Bxf6 {[%clk 1:09:09]} Nxf6 {[%clk 1:25:39]}
13. g4 {[%clk 1:09:26]} Be7 {[%clk 1:22:12]} 14. Bd3 {[%clk 1:04:38]} b4 {[%clk
1:21:08]} 15. axb4 {[%clk 1:04:51]} Rxb4 {[%clk 1:21:35]} 16. g5 {[%clk
1:03:43]} Nd7 {[%clk 1:22:00]} 17. h4 {[%clk 1:03:59]} Nc5 {[%clk 1:17:52]} 18.
Nxc5 {[%clk 1:01:59]} Qxc5 {[%clk 1:16:48]} 19. h5 {[%clk 0:49:58]} Bd7 {[%clk
1:10:18]} 20. g6 {[%clk 0:44:06]} fxg6 {[%clk 1:10:09]} 21. hxg6 {[%clk
0:44:29]} h6 {[%clk 1:10:36]} 22. Rh5 {[%clk 0:42:12]} Qb6 {[%clk 1:09:27]} 23.
b3 {[%clk 0:42:11]} O-O {[%clk 1:06:43]} 24. Bc4 {[%clk 0:39:42]} Rxc4 {[%clk
0:55:09]} 25. bxc4 {[%clk 0:40:08]} Be8 {[%clk 0:55:10]} 26. Qg3 {[%clk
0:30:49]} Bf6 {[%clk 0:44:54]} 27. c5 {[%clk 0:20:29]} Qb4 {[%clk 0:40:45]} 28.
Rd3 {[%clk 0:18:43]} dxc5 {[%clk 0:36:38]} 29. f5 {[%clk 0:14:33]} c4 {[%clk
0:34:55]} 30. Rf3 {[%clk 0:12:28]} Bc6 {[%clk 0:33:46]} 31. fxe6 {[%clk
0:05:28]} Rd8 {[%clk 0:24:23]} 32. Nd5 {[%clk 0:00:54]} Qb2+ {[%clk 0:24:48]}
33. Kd2 {[%clk 0:01:21]} Qd4+ {[%clk 0:22:57]} 34. Kc1 {[%clk 0:01:44]} Qb2+
{[%clk 0:14:44]} 35. Kd2 {[%clk 0:02:10]} Qd4+ {[%clk 0:08:39]} 36. Ke1 {[%clk
0:01:21]} Qxe4+ {[%clk 0:08:59]} 37. Re3 {[%clk 0:01:48]} Qxc2 {[%clk 0:08:22]}
38. e7 {[%clk 0:02:08]} Qc1+ {[%clk 0:08:04]} 39. Ke2 {[%clk 0:01:26]} Qc2+
{[%clk 0:08:26]} 40. Ke1 {[%clk 0:01:51]} Qc1+ {[%clk 0:08:52]} 41. Kf2 {[%clk
0:00:46]} Qd2+ {[%clk 0:08:49]} 42. Kf1 {[%clk 0:28:38]} Re8 {[%clk 0:34:45]}
43. Nxf6+ {[%clk 0:19:00]} gxf6 {[%clk 0:35:14]} 44. Rxh6 {[%clk 0:19:15]} Qc1+
{[%clk 0:35:01]} 45. Qe1 {[%clk 0:16:14]} Qxe1+ {[%clk 0:35:28]} 46. Kxe1
{[%clk 0:16:39]} Kg7 {[%clk 0:35:56]} 47. Rh4 {[%clk 0:17:03]} Kxg6 {[%clk
0:35:50]} 48. Rxc4 {[%clk 0:17:21]} Bb5 {[%clk 0:35:53]} 49. Rc7 {[%clk
0:17:10]} Kf7 {[%clk 0:34:39]} 50. Kd2 {[%clk 0:17:24]} Bf1 {[%clk 0:34:22]}
51. Kc3 {[%clk 0:17:41]} a5 {[%clk 0:34:07]} 52. Kd4 {[%clk 0:17:53]} a4 {[%clk
0:34:36]} 53. Kd5 {[%clk 0:17:40]} a3 {[%clk 0:34:54]} 54. Kd6 {[%clk 0:17:50]}
a2 {[%clk 0:35:13]} 55. Ra3 {[%clk 0:17:29]} Rb8 {[%clk 0:34:07]} 56. Rxa2
{[%clk 0:17:53]} Rb6+ {[%clk 0:34:28]} 57. Kc5 {[%clk 0:18:13]} Rb8 {[%clk
0:33:52]} 58. Rh2 {[%clk 0:18:14]} Re8 {[%clk 0:33:43]} 59. Kd6 {[%clk
0:18:26]} Bd3 {[%clk 0:34:10]} 60. Rd2 {[%clk 0:14:32]} Bf5 {[%clk 0:34:31]}
61. Re2 {[%clk 0:12:29]} Bg4 {[%clk 0:34:53]} 62. Re4 {[%clk 0:12:35]} Bf5
{[%clk 0:35:14]} 63. Rh4 {[%clk 0:12:41]} Kg6 {[%clk 0:34:10]} 64. Rh2 {[%clk
0:11:54]} Kf7 {[%clk 0:33:31]} 65. Re2 {[%clk 0:12:09]} Bg4 {[%clk 0:33:32]}
66. Re1 {[%clk 0:12:24]} Bf5 {[%clk 0:33:33]} 67. Rd7 {[%clk 0:12:34]} 1-0

[Event "DEM U18 2022"]
[Site "Willingen GER"]
[Date "2022.06.07"]
[Round "4"]
[White "Musiolik, David"]
[Black "Colbow, Collin"]
[Result "1/2-1/2"]
[Termination "normal"]
[Board "5"]
[BlackTitle "FM"]
[WhiteElo "2217"]
[BlackElo "2345"]
[WhiteClock "00:03:54"]
[BlackClock "00:00:46"]
[PlyCount "66"]
[WhiteFideId "12972355"]
[BlackFideId "16201132"]
[EventCountry "GER"]
[EventRounds "9"]
[EventType "swiss"]
[EventDate "2022.06.04"]

1. Nf3 {[%clk 1:30:54]} d5 {[%clk 1:30:51]} 2. e3 {[%clk 1:26:56]} c5 {[%clk
1:31:15]} 3. d4 {[%clk 1:20:46]} e6 {[%clk 1:27:37]} 4. c4 {[%clk 1:15:57]}
cxd4 {[%clk 1:25:27]} 5. exd4 {[%clk 1:14:29]} Nf6 {[%clk 1:23:55]} 6. Nc3
{[%clk 1:11:31]} Be7 {[%clk 1:14:28]} 7. Be2 {[%clk 1:05:12]} O-O {[%clk
1:12:35]} 8. O-O {[%clk 1:04:36]} dxc4 {[%clk 1:10:19]} 9. Bxc4 {[%clk
1:04:28]} a6 {[%clk 1:08:20]} 10. a4 {[%clk 0:58:19]} Nc6 {[%clk 1:08:25]} 11.
Re1 {[%clk 0:44:37]} Qb6 {[%clk 0:51:06]} 12. Qb3 Qc7 {[%clk 0:46:37]} 13. Bf1
{[%clk 0:30:33]} h6 {[%clk 0:33:29]} 14. g3 {[%clk 0:28:20]} Bd7 {[%clk
0:32:17]} 15. Bf4 {[%clk 0:26:49]} Bd6 {[%clk 0:27:15]} 16. Bxd6 {[%clk
0:24:43]} Qxd6 {[%clk 0:27:44]} 17. Qa3 {[%clk 0:21:40]} Qxa3 {[%clk 0:25:55]}
18. Rxa3 {[%clk 0:22:08]} Rfd8 {[%clk 0:24:44]} 19. Rd1 {[%clk 0:17:10]} Be8
{[%clk 0:23:44]} 20. Bg2 {[%clk 0:16:09]} Rd6 {[%clk 0:22:26]} 21. Rb3 {[%clk
0:12:58]} Na5 {[%clk 0:21:47]} 22. Rb4 {[%clk 0:12:52]} Bc6 {[%clk 0:21:26]}
23. Ne5 {[%clk 0:12:39]} Bxg2 {[%clk 0:19:11]} 24. Kxg2 {[%clk 0:13:08]} Rc8
{[%clk 0:16:50]} 25. Rd3 {[%clk 0:10:54]} Nd7 {[%clk 0:10:32]} 26. Nxd7 {[%clk
0:08:15]} Rxd7 {[%clk 0:11:01]} 27. Ne4 {[%clk 0:07:31]} f5 {[%clk 0:08:09]}
28. Nd2 {[%clk 0:04:32]} Nc6 {[%clk 0:06:57]} 29. Rb6 {[%clk 0:04:02]} Rcd8
{[%clk 0:02:56]} 30. Nb3 {[%clk 0:03:44]} e5 {[%clk 0:01:35]} 31. d5 {[%clk
0:03:23]} Rxd5 {[%clk 0:00:47]} 32. Rxd5 {[%clk 0:03:32]} Rxd5 {[%clk 0:01:14]}
33. Rxb7 {[%clk 0:03:54]} Nd4 {[%clk 0:00:46]} 1/2-1/2

[Event "DEM U18 2022"]
[Site "Willingen GER"]
[Date "2022.06.07"]
[Round "4"]
[White "Weishäutel, Moritz"]
[Black "Hassemeier, Mika"]
[Result "1-0"]
[Termination "normal"]
[Board "6"]
[WhiteTitle "FM"]
[WhiteElo "2407"]
[BlackElo "2177"]
[WhiteClock "00:38:10"]
[BlackClock "00:09:34"]
[PlyCount "43"]
[WhiteFideId "12967300"]
[BlackFideId "12994880"]
[EventCountry "GER"]
[EventRounds "9"]
[EventType "swiss"]
[EventDate "2022.06.04"]

1. e4 {[%clk 1:30:58]} c5 {[%clk 1:30:52]} 2. c3 {[%clk 1:31:24]} d5 {[%clk
1:28:22]} 3. exd5 {[%clk 1:31:42]} Qxd5 {[%clk 1:28:37]} 4. d4 {[%clk 1:32:07]}
Nc6 {[%clk 1:28:33]} 5. Nf3 {[%clk 1:32:31]} cxd4 {[%clk 1:28:24]} 6. cxd4
{[%clk 1:32:54]} e6 {[%clk 1:28:32]} 7. Nc3 {[%clk 1:32:13]} Qd8 {[%clk
1:28:28]} 8. Bd3 {[%clk 1:21:38]} Nf6 {[%clk 1:27:23]} 9. O-O {[%clk 1:22:00]}
Be7 {[%clk 1:24:59]} 10. a3 {[%clk 1:21:49]} O-O {[%clk 1:23:31]} 11. Re1
{[%clk 1:20:10]} b6 {[%clk 1:18:32]} 12. Bg5 {[%clk 1:20:35]} Nd5 {[%clk
1:01:46]} 13. Bd2 {[%clk 1:10:41]} Nxc3 {[%clk 0:50:02]} 14. bxc3 {[%clk
1:06:06]} Bb7 {[%clk 0:49:03]} 15. Qc2 {[%clk 1:03:37]} g6 {[%clk 0:42:32]} 16.
Bh6 {[%clk 0:56:37]} Re8 {[%clk 0:42:43]} 17. Qd2 {[%clk 0:56:37]} Na5 {[%clk
0:38:33]} 18. Ne5 {[%clk 0:49:33]} Bd6 {[%clk 0:14:12]} 19. Qf4 {[%clk
0:42:33]} f6 {[%clk 0:09:45]} 20. Bxg6 {[%clk 0:37:18]} hxg6 {[%clk 0:09:53]}
21. Qg4 {[%clk 0:37:44]} g5 {[%clk 0:09:34]} 22. Qh5 {[%clk 0:38:10]} 1/2-1/2